Los utilizados (Record no. 26640)

MARC details
000 -LEADER
campo de control de longitud fija 01250nac a22002417a 4500
003 - IDENTIFICADOR DE NÚMERO DE CONTROL
campo de control Co-PeBPM
005 - FECHA Y HORA DE LA ÚLTIMA TRANSACCIÓN
campo de control 20240321170637.0
007 - CAMPO FIJO DE DESCRIPCIÓN FÍSICA--INFORMACIÓN GENERAL
campo de control de longitud fija ta
008 - DATOS DE LONGITUD FIJA--INFORMACIÓN GENERAL
campo de control de longitud fija 240321s2023 |||||||| |||| 00| 0 spa d
020 ## - NÚMERO INTERNACIONAL ESTÁNDAR DEL LIBRO
Número Internacional Estándar del Libro 9786289561555
040 ## - FUENTE DE CATALOGACIÓN
Centro catalogador/agencia de origen Co-PeBPM
Lengua de catalogación spa
Centro/agencia transcriptor Co-PeBPM
Normas de descripción rda
041 ## - CÓDIGO DE IDIOMA
Código de lengua del texto/banda sonora o título independiente spa
082 04 - NÚMERO DE LA CLASIFICACIÓN DECIMAL DEWEY
Número de clasificación Co863 G643u
Número de edición 22
100 1# - ENTRADA PRINCIPAL--NOMBRE DE PERSONA
Nombre de persona González Medina, Francisco
Fechas asociadas al nombre 1953- ,
Término indicativo de función/relación autor
245 10 - MENCIÓN DEL TÍTULO
Título Los utilizados
Mención de responsabilidad, etc. / Francisco González Medina
250 ## - MENCION DE EDICION
Mención de edición Primera edición
260 1# - PUBLICACIÓN, DISTRIBUCIÓN, ETC.
Lugar de publicación, distribución, etc. Pereira, Risaralda,
Nombre del editor, distribuidor, etc. Klepsidra Editores,
Fecha de publicación, distribución, etc. 2023
300 ## - DESCRIPCIÓN FÍSICA
Extensión 356 páginas
Dimensiones 23 centímetros
520 ## - RESUMEN, ETC.
Sumario, etc. La prosa del autor, la historia que narra, sus personajes definidos, vivos, contemplativos nos recuerda no solo las grandes novelas como María, de Jorge Isaac, o La casa de las dos Palmas, de Manuel Mejía Vallejo, sino que se inscribe en esos capítulos de una Colombia rumorosa por el campo donde perviven sus protagonistas, con sus tradiciones más exacerbadas que oscilan entre la religión y la política; es una prosa ágil, sin dudas sin retóricas incomprensibles, y eso hace que su narración fluya y pueda ser comprendida aún por lectores noveles.
650 1# - PUNTO DE ACCESO ADICIONAL DE MATERIA--TÉRMINO DE MATERIA
Término de materia o nombre geográfico como elemento de entrada Literatura colombiana
Fuente del encabezamiento o término Lemb
650 1# - PUNTO DE ACCESO ADICIONAL DE MATERIA--TÉRMINO DE MATERIA
Término de materia o nombre geográfico como elemento de entrada Novela colombiana
Fuente del encabezamiento o término Lemb
942 ## - ELEMENTOS DE ENTRADA SECUNDARIOS (KOHA)
Fuente del sistema de clasificación o colocación Clasificación Decimal Dewey
Tipo de ítem Koha Libros
Suprimir en OPAC No
Holdings
Estatus retirado Estado de pérdida Fuente del sistema de clasificación o colocación Estado de daño No para préstamo Biblioteca de origen Biblioteca actual Fecha de adquisición Total de préstamos Total de renovaciones Signatura topográfica completa Código de barras Visto por última vez Fecha del último préstamo Copia número Precio de reemplazo Tipo de ítem Koha Fuente de adquisición
    Clasificación Decimal Dewey     BIBLIOTECA PÚBLICA MUNICIPAL RAMON CORREA MEJIA BIBLIOTECA PÚBLICA MUNICIPAL RAMON CORREA MEJIA 21/03/2024 2 2 Co863 G643u 49606 10/05/2025 23/04/2025 Ej.1 21/03/2024 Libros  
    Clasificación Decimal Dewey     BIBLIOTECA PÚBLICA MUNICIPAL RAMON CORREA MEJIA BIBLIOTECA PÚBLICA MUNICIPAL RAMON CORREA MEJIA 23/08/2024     Co863 G643u 60232 23/08/2024   Ej.2 23/08/2024 Libros Donación

Powered by Koha